| 000 | 01047nac a22003257a 4500 | ||
|---|---|---|---|
| 001 | BR9904048 | ||
| 003 | BR-BrBNA | ||
| 005 | 20240105122300.0 | ||
| 008 | 230509b bl.|||m| |||| 00| 0 por d | ||
| 040 |
_aBR-BrBNA _bpor _cBiblioteca Nacional de Agricultura |
||
| 072 | _aF04 | ||
| 090 | _a5300 BR9904048 | ||
| 100 | 1 | _aPerdomo, C.C. | |
| 100 | 1 | _aCosta, R.R.H. da | |
| 100 | 1 | _aMedri, W. | |
| 100 | 1 | _aMiranda, C. da R. | |
| 110 | 1 | _aCentro Nacional de Pesquisa de Suinos e Aves, Concordia, SC (Brasil) | |
| 245 | 1 | _aDimensionamento de sistemas de tratamento (decantador e lagoas)e utilizacao de dejetos suinos | |
| 260 | 3 |
_aConcordira, SC (Brasil): _c1999. |
|
| 300 | _a5 p. | ||
| 490 |
_aComunicado Tecnico - Centro Nacional de Pesquisa de Suinos e Aves (Brazil) _vno. 234 _xISSN 0100-8862 |
||
| 650 | _aSuino | ||
| 650 | _aDejeto | ||
| 650 | _aFertilizante | ||
| 650 | _aCondicao Ambiental | ||
| 650 | _aSolo | ||
| 650 | _aProducao Agricola | ||
| 909 |
_a202312 _bLúcia Elande _c55 _dLúcia Elande |
||
| 942 |
_2AGRIS _n0 _cMS |
||
| 999 |
_c290197 _d290197 |
||